01526nam a2200373Ia 4500001001200000003000800012006001900020007001500039008004100054010001700095020004200112020002600154040002100180035002100201050002300222082001400245100003000259240002300289245010000312250001900412260005100431300002500482490005600507500006300563504005100626533015200677650003600829650003800865655002900903700002000932710001700952830005700969856012601026ebr10406786CaPaEBRm u cr cn|||||||||091222r20101618vtua sb 001 0 eng d z 2009050652 z9780754641278 (hardback : alk. paper) z9781409403753 (ebook) aCaPaEBRcCaPaEBR a(OCoLC)75477361714aTA544b.N82 2010eb04a526.92221 aNorden, John,d1548-1625?10aSurveyors dialogue10aJohn Norden's the Surveyor's dialogue (1618)h[electronic resource] /cedited by Mark Netzloff. aA critical ed. aBurlington, VT :bAshgate Pub. Company,c2010. axlii, 223 p. :bill.1 aLiterary and scientific cultures of early modernity aPreviously published: Printed by T. Snodham, London, 1618. aIncludes bibliographical references and index. aElectronic reproduction.bPalo Alto, Calif. :cebrary,d2011.nAvailable via World Wide Web.nAccess may be limited to ebrary affiliated libraries. 0aSurveyingvEarly works to 1800. 0aAgriculturevEarly works to 1800. 7aElectronic books.2local1 aNetzloff, Mark.2 aebrary, Inc. 0aLiterary and scientific cultures of early modernity.40uhttp://site.ebrary.com/lib/rucke/Doc?id=10406786zAn electronic book accessible through the World Wide Web; click to view